|
|
|
|
| LEADER |
00000nam0a2200000 4500 |
| 001 |
377028 |
| 005 |
20231102012855.0 |
| 035 |
|
|
|a (RuTPU)RU\TPU\retro\34474
|
| 090 |
|
|
|a 377028
|
| 100 |
|
|
|a 20230203d1978 m y0rusy50 ca
|
| 101 |
0 |
|
|a rus
|
| 102 |
|
|
|a RU
|
| 105 |
|
|
|a a j 001zy
|
| 200 |
1 |
|
|a Основы обеспечения надежности изделий машиностроения на этапах проектирования, изготовления и эксплуатации
|e учебное пособие
|f Пензенский политехнический институт
|
| 210 |
|
|
|a Пенза
|c [Б. и.]
|d 1978
|
| 215 |
|
|
|a 92 с.
|c ил.
|
| 320 |
|
|
|a Библиогр.: с. 86-87
|
| 606 |
1 |
|
|a Машиностроительная продукция
|x Надежность
|2 stltpush
|3 (RuTPU)RU\TPU\subj\41520
|9 61310
|
| 610 |
1 |
|
|a управление качеством
|
| 610 |
1 |
|
|a инструментальное производство
|
| 610 |
1 |
|
|a стандартизация
|
| 610 |
1 |
|
|a надежность
|
| 610 |
1 |
|
|a учебные пособия
|
| 675 |
|
|
|a 62-192(075.8)
|v 4
|
| 712 |
0 |
2 |
|a Пензенский политехнический институт
|2 stltpush
|3 (RuTPU)RU\TPU\col\14047
|9 25868
|
| 801 |
|
1 |
|a RU
|b 63413507
|c 20230203
|
| 801 |
|
2 |
|a RU
|b 63413507
|c 20230203
|g RCR
|
| 942 |
|
|
|c BK
|